000 00712cam a22001934a 4500
005 20250605164131.0
008 250528s ||||||||||||||||||||||||d
035 _a18654
020 _a415025524
040 _aGR-AtMCL
_bgre
_dGR-AtMCL
_eAACR2
245 1 _aTheories of Authorship / A Reader
260 _bRouledge,
_c1993
300 _a318
520 _aThis book has been prepared specially to meet the needs of the growing number of serious film enthusiasts. Acknowledgements, Preface, Auteurism, Auteur and Structuralism, Fiction of the Author and Author of the Fiction, Notes on Terms, Bibliography, Index.
700 1 _aCaughie John
_94918
942 _cBK
999 _c3999
_d3999